|
|
|
|
| LEADER |
00000nam0a2200000 4500 |
| 001 |
376827 |
| 005 |
20250204112405.0 |
| 035 |
|
|
|a (RuTPU)RU\TPU\retro\34269
|
| 035 |
|
|
|a RU\TPU\retro\34258
|
| 090 |
|
|
|a 376827
|
| 100 |
|
|
|a 20230118d1903 k y0engy50 ba
|
| 101 |
0 |
|
|a eng
|
| 102 |
|
|
|a US
|
| 105 |
|
|
|a af z 001zy
|
| 200 |
1 |
|
|a Pseudoceratites of the Cretaceous
|f A. Hyatt
|g Department of the Interior ; edited by T. W. Stanton
|
| 210 |
|
|
|a Washington
|c Governmext Printing Office
|d 1903
|
| 215 |
|
|
|a 351 p.
|c il.
|
| 225 |
1 |
|
|a Monographs of the United States Geological Survey
|v Vol. 44
|
| 320 |
|
|
|a Index: p. 347-351
|
| 606 |
1 |
|
|a Аммоноидеи
|2 stltpush
|3 (RuTPU)RU\TPU\subj\28932
|9 52367
|
| 610 |
1 |
|
|a палеонтология
|
| 610 |
1 |
|
|a ископаемые животные
|
| 610 |
1 |
|
|a ископаемые моллюски
|
| 610 |
1 |
|
|a вымершие животные
|
| 610 |
1 |
|
|a головоногие моллюски
|
| 610 |
1 |
|
|a отряды
|
| 610 |
1 |
|
|a подклассы
|
| 610 |
1 |
|
|a роды
|
| 610 |
1 |
|
|a виды
|
| 610 |
1 |
|
|a семейства
|
| 610 |
1 |
|
|a аммониты
|
| 610 |
1 |
|
|a фауна
|
| 610 |
1 |
|
|a пермский период
|
| 610 |
1 |
|
|a триасовый период
|
| 610 |
1 |
|
|a палеозой
|
| 610 |
1 |
|
|a палеозойская эра
|
| 610 |
1 |
|
|a мезозой
|
| 610 |
1 |
|
|a мезозойская эра
|
| 610 |
1 |
|
|a палеонтологические исследования
|
| 610 |
1 |
|
|a английский язык
|
| 610 |
1 |
|
|a Коллекция кафедры общей геологии
|
| 675 |
|
|
|a 564.54
|v 4
|
| 700 |
|
1 |
|a Hyatt
|b A.
|g Alpheus
|
| 702 |
|
1 |
|a Stanton
|b T. W.
|4 340
|
| 712 |
0 |
2 |
|a Department of the Interior
|
| 801 |
|
1 |
|a RU
|b 63413507
|c 20230117
|
| 801 |
|
2 |
|a RU
|b 63413507
|c 20230310
|g RCR
|
| 942 |
|
|
|c BK
|